| 000 | 00369nam a22001457a 4500 | ||
|---|---|---|---|
| 082 |
_a823 _bSHA/M |
||
| 100 | _aGEORGE, BEENA | ||
| 245 |
_aA MIDSUMMER NIGHT'S DREAM _bSHORT STORY |
||
| 246 |
_aA MIDSUMMER NIGHT'S DREAM _bSHORT STORY |
||
| 260 |
_aTHIRUVANANTHAPURAM _bH & C STORES _c2016 |
||
| 300 | _a48 | ||
| 520 | _aSHORT STORY | ||
| 650 | _aSHORT STORY | ||
| 942 | _cBK | ||
| 999 |
_c2297 _d2297 |
||